000 00623nam#a2200205#c#4500
003 IEF
005 20180219154834.0
008 941205s1983 uuu####fr####| 0||u| |u
040 _aIEF
110 2 _aConferencia de las Naciones Unidas sobre Comercio y Desarrollo
_9915
245 _aRepública de Corea : un mercado para productos de otros países en desarrollo
260 _aGinebra
_b Naciones Unidas. UNCTAD
_c1983
300 _aXII, 146 p.
_c 23 cm
500 _aContiene bibliografía
650 4 _aCOMERCIO EXTERIOR
_938197
650 4 _aCOREA DEL SUR
_941319
942 _cLIB
942 _z35934
999 _c43779
_d43779